000 00583nam a2200181Ia 4500
008 100920s9999 xx 000 0 und d
082 _b83288
_a24 न 02
100 _aकुलकर्णी लता.
245 _aन्यू यॉर्कर्स.
260 _bकीर्ती प्रकाशन,औरंगाबाद.
_c2002
300 _a113
_bसाधी
365 _b90
520 _aसायो.
630 _aन्यू यॉर्कर्स.
650 _aसायो.
730 _aन्यू यॉर्कर्स.
942 _cBOOK
999 _c723923
_d723920